=LDR 00000nam 2200000 4500 =001 INLIS000000000012794 =005 20130612104301 =008 ***********************************Ind** =035 ##$$0010-061300000012794 =041 ##$$a Ind =082 ##$$a 612.399 =090 ##$$a 612.399, Muc m =100 ##$$a Muchtadi, Deddy =245 ##$$a Mutabalisme hak gizi =260 ##$$a 1993 $b Jakarta =300 ##$$a 194 hlm., Ilus, 21 cm =650 ##$$a Metabolisme Vitanus =850 ##$$a NBPNMAT